Paesi in cui si trova il Capibara - Statistics

Statistiche generali
  • Questo quiz è stato fatto 9 volte
  • Il punteggio medio è 12 su 13
Statistiche sulle risposte
Risposta % Corretto
Argentina
100%
Bolivia
100%
Brasile
100%
Paraguay
100%
Perù
100%
Uruguay
100%
Colombia
88%
Ecuador
88%
Guyana
88%
Suriname
88%
Venezuela
88%
Panama
75%
Francia (Guyana Francese)
63%
Nessun quiz corrispondente trovato
Distribuzione punteggi
Percentuale di utenti per punteggio
Percentile per numero di risposta
I tuoi punteggi nel tempo
Non hai fatto questo quiz